| 000 | 00612nam a2200241Ia 4500 | ||
|---|---|---|---|
| 008 | 160901s9999 xx 000 0 und d | ||
| 020 | _a1-903112-79-6 | ||
| 050 | _aComSc QA 76.9 | ||
| 050 | _b.D3H43 2003 | ||
| 100 | _aHeathcote, F.R. | ||
| 245 | _aAccess 2002 : | ||
| 245 | _bright from the start / | ||
| 245 | _cF.R. Heathcote. | ||
| 260 | _aGreat Britain : | ||
| 260 | _bPayne-Gallway Pub. Limited., | ||
| 260 | _c2003 | ||
| 300 | _a96 pages : | ||
| 300 | _bcol. ill. ; | ||
| 300 | _c28 cm. | ||
| 500 | _aIncludes index. | ||
| 650 | _aMicrosoft Access. | ||
| 650 | _xDatabase management. | ||
| 999 |
_c300936 _d300936 |
||